000 00838nam a2200241Ia 4500
003 GCL
008 140319s9999 xx 000 0 ara d
020 _a4826215977
040 _aGCL /
_cGCL
082 0 4 _a155.67182
_bج ص
100 1 _aجمعة سيد يوسف
245 1 0 _aالصحة الجسمية والنفسية للمسنين /
_cجمعة سيد يوسف
700 1 _aعزة عبدالكريم مبروك
250 _aالاولى
260 _aالقاهرة :
_bدار غريب للطباعة والنشر والتوزيع ،
_c2006
300 _a231ص ؛
_c24سم
650 0 4 _aعلم النفس
650 0 4 _aالمسنون
650 0 4 _aالمسنون - صحة عقلية
650 0 4 _aالمسنون - الصحة النفسية
650 0 4 _aالمسنون - الرعاية الصحية
942 _2ddc
_cBK
999 _c39216
_d39216